000 00553nam a2200205 4500
003 OSt
005 20260601170956.0
008 260506b\\\\\\\\||||||||\||||\00|\0\eng\d
020 _a0910503974
040 _aICI
_bspa
_cICI
050 _aNK1520
_b.D47
100 1 _aCooper Hewitt, National Design Museum
_930725
245 1 _aDesign for the other 90%
264 _bSmithsonian
_c2007
_aNueva York, EUA
300 _a144 páginas
336 _atexto
_2rdacontent
337 _asin medio
_2rdamedia
338 _avolumen
_2rdacarrier
942 _2ddc
_cB
_n1
999 _c19872
_d19872